Klicke die Australischen Städte auf einer Karte - Statistiken

Allgemein
  • Dieses Quiz wurde 39 mal gespielt
  • Das Durchschnittsergebnis liegt bei 9 aus 20
Antworten auf der Karte
Die Antworten werden auf der Karte rot bzw. grün angezeigt, abhängig davon wie oft sie richtig erraten wurden.
 
Antwortstatistiken
Antwort % Korrekt
Albury
80%
Melbourne
72%
Sydney
72%
Canberra
64%
Perth
64%
Alice Springs
60%
Port Macquarie
60%
Mount Isa
56%
Darwin
52%
Hobart
48%
Adelaide
44%
Cairns
40%
Port Lincoln
40%
Dubbo
36%
Bundaberg
32%
Brisbane
28%
Townsville
28%
Broome
24%
Geraldton
20%
Mildura
8%
Keine übereinstimmenden Quizze gefunden
Verteilung der Resultate
Anzahl Personen mit jedem Resultat
Perzentil nach korrekt beantworteten Fragen
Ihre Resultats-Entwicklung
Sie haben dieses Quiz noch nicht gespielt